Which country has Romania most similarty on dna - Statistics

General Stats
  • This quiz has been taken 38 times
  • The average score is 15 of 20
Answer Stats
Rank Country % Correct
5 Ukraine
97%
9 Greece
94%
1 Moldova
94%
3 Serbia
91%
10 Turkey
91%
2 Bulgaria
88%
4 Hungary
84%
16 Italy
84%
6 Poland
84%
7 Slovakia
81%
14 Bosnia and Herzegovina
78%
13 Croatia
72%
8 Czechia
72%
11 Albania
69%
17 Austria
69%
18 Germany
69%
15 North Macedonia
69%
12 Montenegro
66%
20 Finland
22%
19 Sweden
16%
No matching quizzes found
Score Distribution
Percent of People with Each Score
Percentile by Number Answered
Your Score History
You have not taken this quiz